Computer simulation in business

Saved in:
Bibliografiske detaljer
Hovedforfatter: Watson, Hugh J (Author)
Format: Bog
Sprog:engelsk
Udgivet: Nueva York John Wiley 1981
Fag:
Tags: Tilføj Tag
Ingen Tags, Vær først til at tagge denne postø!

MARC

LEADER 00000nam a2200000 a 4500
001 UCU6723
003 CL-VaPUC
008 960621e19810000US |||||||||||||||||eng|d
082 0 4 |a 658.05  |b WAT  |2 21 
100 0 |a Watson, Hugh J  |e author  |9 365066 
245 1 0 |a Computer simulation in business 
300 |a 358 p 
942 |c BK 
945 |d 19960621 00:00:00  |a paguirre 
260 |a Nueva York  |b John Wiley  |c 1981 
650 0 |a Administración de empresas   |9 260833 
650 7 |a GESTION FINANCIERA  |2 CL-VaPUC  |9 365067 
650 0 |a Aplicaciones de computadores  |9 260401 
650 7 |a PROGRAMAS DE COMPUTADOR  |2 CL-VaPUC  |9 262390 
650 7 |a METODO DE MONTECARLO  |2 CL-VaPUC  |9 270705 
650 0 |a Teoría de probabilidades   |9 336944 
650 0 |a Simulación por computador  |9 260988 
583 |a last modification  |c 20121108 09:37:30  |k Rodrigo Vera 
999 |c 249546  |d 249544 
952 |0 0  |1 0  |4 0  |6 658_050000000000000_WAT_1981  |7 0  |8 A  |9 266839  |a BIBING  |b BIBING  |d 2019-11-19  |i 1690310  |o 658.05 WAT 1981  |p 1690310  |r 2025-01-20  |w 2019-11-19  |y BK  |k EII